000 00807nam a2200217Ia 4500
001 4686
005 20260420154838.0
008 260306t2018||||xx |||||||||||||| ||spa||
041 _aESP
082 _a330
_bP26 2018
100 _aParkin, Michael
_eAUT
245 0 _aEconomía
260 _c2018
300 _axxxv, 782 páginas :
_c27 cm.
650 _aGEN
654 _aCAN
856 _uhttps://itmsp.museknowledge.com/UCSP?url=https://www.ebooks7-24.com:443/?il=6942&pg=1
_zVersión digital
856 _uhttps://0u213x8fl-y-https-ebooks7--24-com.itmsp.museknowledge.com/biblioteca.aspx
_zVéase además: Base de datos Ebook7-24
856 _uhttps://0u20fx8fo-y-https-research-ebsco-com.itmsp.museknowledge.com/c/qxo6us/search
_zVéase además: Base de datos EBSCOhost
942 _cLIB
_dJUS
_fJUS
_2ddc
999 _c4686
_d4686